000 01393nmm a2200373 a 4500
001 ocm0002146835
003 TR-IsHL
005 20201028183941.0
008 190428s2015 tu tur
007 cr cn
020 _a9789944013666
035 _a2146835
_b(N$T)
050 0 4 _aBP166
_b.S35 2015
090 0 4 _aBP166
_b.S35 2015
100 1 _aSalahüddin ibni Mübarek el-Buhari
245 1 0 _aEnîsüt-Tâlibîn Uddetüs-Sâlikîn: Makamat-ı Nakşibendiyye
_h[electronic resource] /
_cSalahüddin ibni Mübarek el-Buhari ; hazırlayan Gülser Keçeci
250 _a5. Baskı
260 _aİstanbul :
_bBuhara Yayınları,
_c2015
300 _a336 p.
500 _aOrjinal eser Enîsüt-Tâlibîn Uddetüs-Sâlikîn
_xMüellifi Salâhuddin b. Mübârek el-Buhâri, Mütercimi Süleyman İzzî Teşrifatî
650 4 _aFelsefe, Psikoloji ve Din
650 4 _aPhilosophy, Psychology and Religion
650 0 _aİslam dini
_x Mezhepler
650 0 _aIslam
_x Sects
650 0 _aİslam dini
_x Öğretiler
650 0 _aIslam
_x Doctrines
650 0 _aIslamic Sufism
650 0 _aİslâm tasavvufu
650 0 _aNakşibendilik
650 0 _aNaqshabandiyah
650 7 _aRELIGION / Islam / Rituals & Practice
_2bisacsh
700 1 _aKeçeci, Gülser
856 4 0 _uhttp://search.ebscohost.com/login.aspx?direct=true&scope=site&db=e011xww&AN=2146835
999 _c20775
_d20775